000 01066cab a2200325 4500
001 ABS50215
008 090401t1994 xxu||||| |||| 00| 0 eng d
035 _a(Sirsi) u74647
041 _aeng
100 _aHampton, D.
245 _aValuing farms - the methodologies
260 _c1994
350 _a0
490 _aCSM (Chartered Surveyor Monthly)
_v3(5) February 1994, 22-23(2)
520 _aNotes on the valuation of farms with vacant possession or let, over-rented or under-rented, and comments on open market value and problems in valuing let farms.
650 _aPROPERTY-RURAL AND NATURAL ASSETS-AGRICULTURAL PROPERTY-AGRICULTURAL LAND
650 _aFARMS
650 _aLET FARMS
650 _aMETHODS OF VALUATION
650 _aOPEN MARKET VALUE
650 _aOVER-RENTED PROPERTY
650 _aRICS APPRAISAL AND VALUATION MANUAL
650 _aUNDER-RENTED
650 _aUPWARD ONLY RENT REVIEWS
650 _aValuation
_96273
690 _aRATING AND VALUATION
690 _aRURAL PRACTICE
942 _n0
948 _c04/03/1997
999 _c47041
_d47041